000
00305nam a2200121Ia 4500
005
20251222140028.0
008
251222s1900||||xx |||||||||||||| ||spa||
020
_a
9972050394
082
_a
239.1/C76
245
0
_a
Catecismo de la Iglesia Católica:
264
_b
Conferencia Episcopal Peruana
942
_c
LIB
999
_c
2848
_d
2848